Evaluación de la eficiencia térmica de tres sistemas de generación de calor para el secado de café en los beneficios de la zona norte de Nicaragua

Presenta la evaluación de la eficiencia térmica en tres sistemas de generación de calor para el secado de café, en los beneficios de la zona norte del país. Se realiza un breve análisis histórico acerca del cultivo y del procesamiento del café, descripción de cada uno de los sistemas de gen...

Full description

Bibliographic Details
Main Author: Selva Ordoñez, Ramón Alberto
Other Authors: Tutor: Álvarez García, Sergio Enrique
Format: Tesis Section = Libro
Language:Undetermined
Spanish
Published: Managua UNI 1994
Subjects:
LEADER 01385nam a2200217Ia 4500
008 240830s9999 xx 000 0 und d
040 |a BIBLIOTECA-RUPAP Mon 621.4028 S469 
041 |a spa 
082 |a Mon 621.4028 S469 
100 1 |a Selva Ordoñez, Ramón Alberto 
245 1 0 |a Evaluación de la eficiencia térmica de tres sistemas de generación de calor para el secado de café en los beneficios de la zona norte de Nicaragua 
260 |a Managua  |b UNI  |c 1994 
300 |a 191 p. :il. 
502 |a Tesis (Ingeniero Electromecánico)- UNI, 1994. 
520 3 |a Presenta la evaluación de la eficiencia térmica en tres sistemas de generación de calor para el secado de café, en los beneficios de la zona norte del país. Se realiza un breve análisis histórico acerca del cultivo y del procesamiento del café, descripción de cada uno de los sistemas de generación de calor, se plantea importancia de la evaluación de la eficiencia térmica de los sistemas de generación de calor para el secado del café y se presentan los resultados del cálculo de balance de materia y energía de los tres sistemas de generación de calor, la eficiencia térmica y el rendimiento térmico. 
650 7 |a SISTEMAS TERMICOS 
650 7 |b CALOR - GENERACION 
700 1 |a Tutor:  |b Álvarez García, Sergio Enrique 
942 |c BK  |2 ddc 
991 |a TESIS 
999 |c 15769